00665nam a2200193 a 450000100100000000500170001000800410002704000250006808200150009310000200010824500750012826000340020330000200023749000390025750000620029650400300035871000440038883000390043200002412220240307073947.0110119s1979 dr 000 0 spa d aDO-SdBNPbspacBNPHU axxxbP348m1 aPaz, Idad1945-14aLos medios masivo de comunicación en la lucha ideologica /cIda Paz. aSanto Domingo :bUASD,c1979. a46 P. ;c22 cm.1 aCuadernos de Comunicaciónvno. 1 aIncluye datos biográficos del autor en la contraportada aBibliografía : p. 45-461 aUniversidad Autónoma de Santo Domingo 0aCuadernos de Comunicaciónnno. 1